| 000 | 01018cab a2200181 4500 | ||
|---|---|---|---|
| 001 | L130824 | ||
| 008 | 050902n2005 000 0 eng u | ||
| 035 | _a(Sirsi) u130824 | ||
| 041 | 0 | _aeng | |
| 100 | 1 | _aMcCormick, Helen | |
| 245 | 0 | 0 | _aOccupational hazards |
| 260 | _c2005 | ||
| 490 | 0 |
_aContract Journal _v429(6539) 24 August 2005, 21-23(3) |
|
| 520 | _aReports on how more construction workers are being lost through chronic illness and injury such as noise-induced hearing loss and crippling back pain than through industrial accidents. Argues that good occupational health management could prevent this loss. Looks at how initiatives, including the Constructing Better Health pilot scheme for the construction industry, and preventative measures can help reduce the problem even for small companies and the type of problems found in the industry. Provides list of website for further information. | ||
| 590 | _aIKA130905 | ||
| 690 | _aMANAGEMENT-HEALTH AND SAFETY-PERSONAL HEALTH AND SAFETY | ||
| 942 | _n0 | ||
| 999 |
_c75815 _d75815 |
||